[Event "IECG CE.2001.0.00015 email"]
[Site "IECG email"]
[Date "2001.11.02"]
[Round "?"]
[White "Carley, Jason"]
[Black "Taner, Harun"]
[Result "0-1"]
[WhiteElo "1272"]
[BlackElo "1322"]
[PlyCount "42"]
[EventDate "2001.11.02"]
[EventType "tourn (corr)"]
[EventRounds "6"]
[SourceTitle "Corr 2008"]
[Source "ChessBase"]
[SourceDate "2008.06.24"]
[SourceVersion "1"]
[SourceVersionDate "2008.06.24"]
[SourceQuality "1"]

1. d4 f5 2. c4 Nf6 3. Nf3 e6 4. Nc3 Be7 5. Bf4 0-0 6. e3 d5 7. Bd3 b6 8. cxd5 Nxd5 9. Nxd5 Qxd5 10. Bxc7 Na6 11. Be5 Nb4 12. Be2 Nxa2 13. 0-0 Bb7 14. Qb1 Nb4 15. Rc1 Rfc8 16. Rxc8+ Bxc8 17. Qc1 a6 18. Qc7 Qb7 19. Rc1 Qxc7 20. Bxc7 Nd5 21. Be5 Bb7 0-1

[Event "IECG CE.2001.0.00015 email"]
[Site "IECG email"]
[Date "2001.11.02"]
[Round "?"]
[White "Che, Tai"]
[Black "Carley, Jason"]
[Result "1/2-1/2"]
[WhiteElo "1348"]
[BlackElo "1272"]
[PlyCount "64"]
[EventDate "2001.11.02"]
[EventType "tourn (corr)"]
[EventRounds "6"]
[SourceTitle "Corr 2008"]
[Source "ChessBase"]
[SourceDate "2008.06.24"]
[SourceVersion "1"]
[SourceVersionDate "2008.06.24"]
[SourceQuality "1"]

1. e4 c5 2. Nf3 d6 3. d4 cxd4 4. Nxd4 e5 5. Nf3 Nf6 6. Nc3 Nc6 7. Bb5 Be7 8. 0-0 0-0 9. h3 a6 10. Ba4 b5 11. Bb3 b4 12. Nd5 Nxe4 13. Nxe7+ Nxe7 14. Re1 Bb7 15. Be3 a5 16. a4 Nf5 17. Bd5 Nxe3 18. Rxe3 Bxd5 19. Qxd5 Nf6 20. Qd2 Rc8 21. Rd1 Qc7 22. c4 bxc3 23. Rxc3 Ne4 24. Rxc7 Nxd2 25. Rxc8 Nxf3+ 26. gxf3 Rxc8 27. Rxd6 f6 28. Rd5 Ra8 29. Rd7 h5 30. Rb7 Kh7 31. Kg2 Kh6 32. Kg3 g5 1/2-1/2